Análisis y mejora de los procesos logísticos de administración del inventario y abastecimiento en la empresa Zapote Automotores S.A
Wedi'i Gadw mewn:
| Prif Awdur: | |
|---|---|
| Fformat: | Llyfr |
| Cyhoeddwyd: |
[San José, Costa Rica]
2010
|
| Pynciau: | |
| Tagiau: |
Ychwanegu Tag
Dim Tagiau, Byddwch y cyntaf i dagio'r cofnod hwn!
|
MARC
| LEADER | 00000nam a2200000Ia 4500 | ||
|---|---|---|---|
| 003 | 010043 | ||
| 005 | 20221231144034.0 | ||
| 008 | 140114s2010 cr a 000 ||s d | ||
| 040 | |c cru CEDI | ||
| 090 | |a TFG 6214 | ||
| 100 | |a Carranza García, Catalina |9 2901 | ||
| 245 | |a Análisis y mejora de los procesos logísticos de administración del inventario y abastecimiento en la empresa Zapote Automotores S.A | ||
| 260 | |c 2010 |b [San José, Costa Rica] | ||
| 500 | |a Proyecto de Graduación (licenciatura en ingeniería industrial)--Universidad de Costa Rica. Facultad de Ingeniería. Escuela de Ingeniería Industrial | ||
| 650 | |x ZAPOTE AUTOMOTORES S.A. (COSTA RICA) |x ADMINISTRACION |x INVENTARIOS |x ABASTECIMIENTO |x GESTION EMPRESARIAL |x CALIDAD TOTAL EN ADMINISTRACION |9 2900 | ||
| 700 | |9 2902 |a Carranza García, Catalina | ||
| 942 | |c TFG | ||
| 999 | |c 15989 |d 15989 | ||
